Hide and Seek - Countries #15 - Statistics

General Stats
  • This quiz has been taken 13 times
  • The average score is 7 of 12
Answer Stats
Answer % Correct
Mexico
85%
Andorra
69%
Monaco
69%
Vatican City
69%
Guatemala
62%
Panama
62%
San Marino
62%
Luxembourg
46%
Singapore
46%
Djibouti
38%
Kuwait
31%
They have the same name as their capitals.
31%
No matching quizzes found
Score Distribution
Percent of People with Each Score
Percentile by Number Answered
Your Score History
You have not taken this quiz